| 000 | 00837cam a22002412 4500 | ||
|---|---|---|---|
| 999 |
_c17305 _d17305 |
||
| 001 | 0000019620 | ||
| 003 | OSt | ||
| 005 | 20181019134622.0 | ||
| 008 | 110113s xx 000 0 eng d | ||
| 020 | _a0702071997 : | ||
| 040 |
_aKABU _cKABU |
||
| 050 |
_aQR46 _b.M43 2019 c.1 |
||
| 245 | 1 | 0 |
_aMedical microbiology : _ba guide to microbial infections: pathogenesis, immunity, laboratory investigation and control / _cedited by Michael R. Barer ...[et al.]. |
| 250 | _a19th ed. | ||
| 260 |
_aLondon : _bElsevier, _c2019. |
||
| 300 | _axv, 743 p. | ||
| 650 | 0 | _aMedical microbiology. | |
| 700 | 1 | _aBarer, Michael R. ...[et al.]. | |
| 908 | _a110113 | ||
| 942 |
_2lcc _cBK _hQR46 _i.M43 2019 c.1 |
||